Babiččin receptář osvědčené lidové rady a návody na předcházení a léčení chorob

Bibliographic Details
Format: Book
Language:Czech
PhysicalDescription:151 strán ilustrácie 20 cm
Published: Bratislava Eko-konzult 2004
ISBN:8080790175
Edition:[1. vyd.]
Subjects:

MARC

LEADER 00000cam a2200000 a 4500
001 vtls001486299
003 SK-MaSNL
005 20260301015256.0
008 240226s2004 xo a grf 000 0 cze
015 |a SNBA2005/02-00728 
020 |a 8080790175  |q (brožované) 
035 |a SNK000441592 
035 |a urn:nbn:sk:snk-am3j3oj 
035 |a 6630B4AC-AEDE-4A33-844E-9E55D0192A86 
035 |a urn:nbn:sk:snk-am00gh8m 
040 |a SNK  |b slo  |c SNK  |e AACR2 
041 0 |a cze 
044 |a xo  |c SK 
072 7 |a 615.8  |x Fyzioterapia. Psychoterapia. Alternatívna medicína  |2 konspekt 
080 |a 615.89  |2 2011 
080 |a (035)  |2 2011 
080 |a 616.1/.9  |2 2011 
080 |a 616-084  |2 2011 
080 |a 615.89:633.88  |2 2011 
245 0 0 |a Babiččin receptář  |b osvědčené lidové rady a návody na předcházení a léčení chorob 
250 |a [1. vyd.] 
260 |a Bratislava  |b Eko-konzult  |c 2004 
300 |a 151 strán  |b ilustrácie  |c 20 cm 
650 0 7 |a choroby  |2 SNKPH  |9 837 
650 0 7 |a ľudové liečiteľstvo  |2 SNKPH  |9 1145 
650 0 7 |a prevencia ochorení  |2 SNKPH  |9 69501 
650 0 7 |a fytoterapia  |2 SNKPH  |9 1147 
655 7 |a príručky  |2 SNKPH  |9 74364 
919 |a 80-8079-017-5 
958 |a OND 
999 |c 560440  |d 562370 
952 |a SNK  |b SNK  |y PREZ  |7 0  |p 17A0453406  |o snkSC 118187  |i snkKSP 15215/2004  |0 0  |1 0  |4 0  |d 2004-12-01  |f 1  |l 0  |r 2025-10-07 00:00:00  |w 2026-02-23 
952 |a SNK  |b SNK  |y VYP  |7 0  |p 17A0453407  |o snkSC 118187 D1  |i snkKSP 15216/2004  |0 0  |1 0  |4 0  |d 2004-12-01  |l 0  |r 2005-01-02 00:00:00  |w 2026-02-23